[Event "Algiers Selection op"]
[Site "Algiers"]
[Date "2020.03.13"]
[Round "4"]
[White "Idjeri, Yanis"]
[Black "Benkiar, Djamel"]
[Result "0-1"]
[WhiteElo "2011"]
[BlackElo "1965"]
[PlyCount "48"]
[EventDate "2020.03.13"]
[EventType "swiss"]
[EventRounds "7"]
[EventCountry "ALG"]
[SourceTitle "CBM 195 Extra"]
[Source "ChessBase"]
[SourceDate "2020.05.31"]
[SourceVersion "1"]
[SourceVersionDate "2020.05.31"]
[SourceQuality "1"]

1. e4 c5 2. Nf3 Nf6 3. e5 Nd5 4. Nc3 Nxc3 5. dxc3 e6 6. Bf4 Nc6 7. Qd2 Qa5 8. Bd3 Be7 9. 0-0 0-0 10. Qe2 f5 11. exf6 Bxf6 12. Ng5 Bxg5 13. Qh5 Bxf4 14. Qxh7+ Kf7 15. Qg6+ Ke7 16. Qxg7+ Rf7 17. Qg4 c4 18. Bxc4 Qg5 19. Qe2 Ne5 20. g3 b5 21. Bd3 Nxd3 22. Qxd3 Bb7 23. Rad1 Bc6 24. h4 Qg4 0-1

[Event "Tipaza U2200 op"]
[Site "Tipaza"]
[Date "2019.05.02"]
[Round "3"]
[White "Benkiar, Djamel"]
[Black "Bourkiza, Hamza"]
[Result "1/2-1/2"]
[WhiteElo "2031"]
[BlackElo "1599"]
[PlyCount "68"]
[EventDate "2019.05.01"]
[EventType "swiss"]
[EventRounds "9"]
[EventCountry "ALG"]
[SourceTitle "CBM 190 Extra"]
[Source "ChessBase"]
[SourceDate "2019.07.15"]
[SourceVersion "1"]
[SourceVersionDate "2019.07.15"]
[SourceQuality "1"]

1. e4 c5 2. Nf3 d6 3. Bb5+ Bd7 4. Bxd7+ Qxd7 5. 0-0 Nc6 6. c3 Nf6 7. Qe2 e6 8. d4 cxd4 9. cxd4 Be7 10. Nc3 0-0 11. Bg5 Rfe8 12. Rfd1 Rad8 13. a3 a6 14. b4 Rc8 15. Qd3 Red8 16. Rab1 b5 17. h3 Ne8 18. Bd2 Nc7 19. Qe3 d5 20. e5 Na8 21. Ne2 Nb6 22. Bc1 Na7 23. Nd2 Qc6 24. Nb3 Qc2 25. Bb2 Nc4 26. Qf3 Nxb2 27. Rdc1 Qd3 28. Rxb2 Qxf3 29. gxf3 Rc4 30. Na5 Rxc1+ 31. Nxc1 Rc8 32. Nd3 Rc3 33. Rb3 Rc2 34. Rb2 Rc3 1/2-1/2

[Event "ALG Cup"]
[Site "El Harrach"]
[Date "2019.01.02"]
[Round "8"]
[White "Benkiar, Djamel"]
[Black "Ouaret, Abdelouhab"]
[Result "1-0"]
[WhiteElo "2025"]
[BlackElo "2121"]
[PlyCount "103"]
[EventDate "2018.11.23"]
[EventType "swiss"]
[EventRounds "14"]
[EventCountry "ALG"]
[SourceTitle "CBM 189 Extra"]
[Source "ChessBase"]
[SourceDate "2019.06.03"]
[SourceVersion "1"]
[SourceVersionDate "2019.06.03"]
[SourceQuality "1"]

1. d4 d5 2. Nc3 Nf6 3. Bg5 Nbd7 4. f3 h6 5. Bh4 e6 6. e4 Be7 7. e5 Nh7 8. Bxe7 Qxe7 9. Nb5 Nb6 10. c3 0-0 11. Bd3 Rd8 12. f4 a6 13. Na3 c5 14. Nf3 cxd4 15. Nxd4 Nd7 16. 0-0 b5 17. Nac2 Bb7 18. Qg4 Nc5 19. Bxh7+ Kxh7 20. f5 exf5 21. Nxf5 Qf8 22. Nd6 Rd7 23. b4 Ne6 24. Nd4 Qg8 25. Rf2 Rc7 26. Raf1 Nd8 27. Qf5+ g6 28. Qf6 Bc8 29. h4 Bg4 30. Rf4 Be6 31. R4f3 Bg4 32. Rg3 h5 33. Nf3 Ne6 34. Nh2 Qg7 35. Nxg4 hxg4 36. Nxf7 Qxf6 37. Rxf6 Kg7 38. Rxe6 Kxf7 39. Rf6+ Kg7 40. Rxg4 Rxc3 41. Rgxg6+ Kh7 42. h5 Rc1+ 43. Kh2 Rac8 44. Rf7+ Kh8 45. e6 d4 46. e7 d3 47. Rd6 Kg8 48. Rf2 Re8 49. Rd8 Rc8 50. Rf8+ Kg7 51. Rfxe8 d2 52. Rg8+ 1-0

[Event "ALG-ch 26th"]
[Site "Staoueli"]
[Date "2014.04.03"]
[Round "9"]
[White "Benkiar, Djamel"]
[Black "Nassr, Ahmed"]
[Result "1/2-1/2"]
[WhiteElo "2045"]
[BlackElo "2129"]
[PlyCount "42"]
[EventDate "2014.03.30"]
[EventType "tourn"]
[EventRounds "11"]
[EventCountry "ALG"]
[SourceTitle "CBM 159 Extra"]
[Source "ChessBase"]
[SourceDate "2014.04.24"]
[SourceVersion "1"]
[SourceVersionDate "2014.04.24"]
[SourceQuality "1"]

1. d4 Nf6 2. Nc3 d5 3. Bg5 Bf5 4. Bxf6 exf6 5. e3 c6 6. Bd3 Bxd3 7. Qxd3 Bd6 8. Nge2 0-0 9. Ng3 g6 10. Nce2 Re8 11. c4 dxc4 12. Qxc4 f5 13. 0-0 Nd7 14. Qb3 Nb6 15. a4 Qe7 16. Nc3 Bxg3 17. hxg3 Rad8 18. a5 Nd5 19. a6 b6 20. Nxd5 Rxd5 21. Rfc1 Qd7 1/2-1/2

[Event "ALG-ch 26th"]
[Site "Staoueli"]
[Date "2014.04.02"]
[Round "6"]
[White "Benkiar, Djamel"]
[Black "Bengherabi, Khalil"]
[Result "1/2-1/2"]
[WhiteElo "2045"]
[BlackElo "2112"]
[PlyCount "51"]
[EventDate "2014.03.30"]
[EventType "tourn"]
[EventRounds "11"]
[EventCountry "ALG"]
[SourceTitle "CBM 159 Extra"]
[Source "ChessBase"]
[SourceDate "2014.04.24"]
[SourceVersion "1"]
[SourceVersionDate "2014.04.24"]
[SourceQuality "1"]

1. d4 Nf6 2. Nc3 d5 3. Bg5 Nbd7 4. e3 c6 5. Nf3 e6 6. Bd3 Be7 7. 0-0 0-0 8. Bxf6 Bxf6 9. e4 Qb6 10. Rb1 dxe4 11. Nxe4 Rd8 12. c3 Be7 13. Qc2 Qc7 14. Rbe1 h6 15. Ng3 c5 16. Qe2 Nf6 17. Bb1 b6 18. Rc1 Bb7 19. Rfe1 Qc6 20. Ne4 Nxe4 21. Qxe4 Qxe4 22. Bxe4 Bxe4 23. Rxe4 cxd4 24. Rxd4 Bf6 25. Rxd8+ Rxd8 26. Kf1 1/2-1/2

[Event "ALG-ch 26th"]
[Site "Staoueli"]
[Date "2014.04.01"]
[Round "5"]
[White "Saim, Mohamed Ilias"]
[Black "Benkiar, Djamel"]
[Result "1-0"]
[WhiteElo "2023"]
[BlackElo "2045"]
[PlyCount "59"]
[EventDate "2014.03.30"]
[EventType "tourn"]
[EventRounds "11"]
[EventCountry "ALG"]
[SourceTitle "CBM 159 Extra"]
[Source "ChessBase"]
[SourceDate "2014.04.24"]
[SourceVersion "1"]
[SourceVersionDate "2014.04.24"]
[SourceQuality "1"]

1. e4 c5 2. Nc3 Nc6 3. g3 g6 4. Bg2 Bg7 5. d3 d6 6. f4 Nf6 7. Nf3 Bg4 8. h3 Bxf3 9. Qxf3 Nd4 10. Qf2 e5 11. fxe5 dxe5 12. 0-0 Qd7 13. Bg5 Nh5 14. Nd5 f6 15. Be3 0-0 16. c3 Ne6 17. Kh2 b6 18. Bf3 f5 19. Bxh5 fxe4 20. Qg2 Qxd5 21. dxe4 Qd3 22. Qe2 Rad8 23. Rxf8+ Nxf8 24. Bf3 Qxe2+ 25. Bxe2 Ne6 26. Bc4 Kf7 27. Bg5 Rd6 28. Rf1+ Kg8 29. Be7 Rc6 30. Bd5 1-0

[Event "ALG-chT"]
[Site "Algiers"]
[Date "2013.08.25"]
[Round "8.1"]
[White "Benkiar, Djamel"]
[Black "Ounes, Abdelhak"]
[Result "0-1"]
[WhiteElo "2027"]
[BlackElo "2071"]
[PlyCount "62"]
[EventDate "2013.08.21"]
[EventType "team-swiss"]
[EventRounds "9"]
[EventCountry "ALG"]
[SourceTitle "CBM 156 Extra"]
[Source "ChessBase"]
[SourceDate "2013.10.22"]
[SourceVersion "1"]
[SourceVersionDate "2013.10.22"]
[SourceQuality "1"]
[WhiteTeam "Medea Akouas"]
[BlackTeam "Constantine ASEC"]
[WhiteTeamCountry "ALG"]
[BlackTeamCountry "ALG"]

1. d4 d5 2. Nc3 Nf6 3. Bg5 Nbd7 4. Nf3 c6 5. e3 h6 6. Bf4 e6 7. Bd3 Bb4 8. 0-0 Qe7 9. Ne5 Nxe5 10. Bxe5 Bd6 11. f4 Bd7 12. e4 dxe4 13. Nxe4 Nxe4 14. Bxe4 0-0 15. Qh5 f5 16. Bd3 c5 17. Rae1 Rac8 18. Bxd6 Qxd6 19. dxc5 Rxc5 20. b3 Rf6 21. a4 a6 22. Rd1 Qe7 23. Qh4 Bc6 24. Rfe1 Bxg2 25. Re3 Bf3 26. Rxf3 Rg6+ 27. Qg3 Rxg3+ 28. hxg3 b5 29. axb5 axb5 30. Ra1 Qb7 31. Kf2 Qb6 0-1

[Event "ALG-chT"]
[Site "Algiers"]
[Date "2013.08.22"]
[Round "4.1"]
[White "Nassr, Ali"]
[Black "Benkiar, Djamel"]
[Result "1/2-1/2"]
[WhiteElo "2116"]
[BlackElo "2027"]
[PlyCount "58"]
[EventDate "2013.08.21"]
[EventType "team-swiss"]
[EventRounds "9"]
[EventCountry "ALG"]
[SourceTitle "CBM 156 Extra"]
[Source "ChessBase"]
[SourceDate "2013.10.22"]
[SourceVersion "1"]
[SourceVersionDate "2013.10.22"]
[SourceQuality "1"]
[WhiteTeam "Ouzou Est Tizi"]
[BlackTeam "Medea Akouas"]
[WhiteTeamCountry "ALG"]
[BlackTeamCountry "ALG"]

1. e4 Nf6 2. e5 Nd5 3. d4 d6 4. Nf3 Bg4 5. Bc4 dxe5 6. dxe5 e6 7. 0-0 Be7 8. Qe2 c6 9. c3 Nd7 10. Re1 Qc7 11. Bxd5 cxd5 12. Bf4 0-0 13. Nbd2 b5 14. Rac1 a6 15. Qe3 Nc5 16. Nd4 Bh5 17. N2f3 Bg6 18. Red1 Na4 19. Qe2 Qc4 20. Rd2 Qxe2 21. Rxe2 Rfc8 22. h4 Rc7 23. Ra1 Rac8 24. a3 Nc5 25. Bg5 Bf8 26. Be3 Bd3 27. Rd2 Bg6 28. Re2 Bd3 29. Rd2 Bg6 1/2-1/2

[Event "ALG-ch sf"]
[Site "Sidi Bel Abbes"]
[Date "2013.03.30"]
[Round "7"]
[White "Kahmane, Toufik"]
[Black "Benkiar, Djamel"]
[Result "1-0"]
[WhiteElo "1791"]
[BlackElo "2053"]
[PlyCount "87"]
[EventDate "2013.03.27"]
[EventType "swiss"]
[EventRounds "9"]
[EventCountry "ALG"]
[SourceTitle "CBM 153 Extra"]
[Source "ChessBase"]
[SourceDate "2013.04.22"]
[SourceVersion "1"]
[SourceVersionDate "2013.04.22"]
[SourceQuality "1"]

1. e4 Nf6 2. Nc3 d5 3. exd5 Nxd5 4. Nxd5 Qxd5 5. Nf3 Nc6 6. Be2 e5 7. d3 Bf5 8. 0-0 Bd6 9. c4 Qe6 10. Ng5 Qd7 11. Bf3 f6 12. Ne4 0-0 13. Be3 Be7 14. Qb3 Rab8 15. Rad1 Bg4 16. Bxg4 Qxg4 17. f3 Qg6 18. Bf2 Kh8 19. Nc3 Nd4 20. Bxd4 exd4 21. Nb5 c6 22. Rfe1 Bc5 23. Nc7 Bd6 24. Ne6 Qh6 25. g3 Rfc8 26. c5 Bf8 27. Nxf8 Rxf8 28. Re7 Qh5 29. Kg2 Qxc5 30. Rde1 b5 31. R1e2 a5 32. Qe6 h6 33. Qg4 Qg5 34. Qd7 c5 35. h4 Qg6 36. h5 Qh7 37. R2e4 f5 38. R4e6 Rbd8 39. Qxb5 Rb8 40. Qxc5 Rxb2+ 41. Kh3 Rbb8 42. Rg6 Rg8 43. Qxf5 Rbd8 44. Qg4 1-0

[Event "ALG-ch sf"]
[Site "Sidi Bel Abbes"]
[Date "2013.03.27"]
[Round "1"]
[White "Bouhadi, Abderrahim"]
[Black "Benkiar, Djamel"]
[Result "0-1"]
[WhiteElo "1422"]
[BlackElo "2053"]
[PlyCount "62"]
[EventDate "2013.03.27"]
[EventType "swiss"]
[EventRounds "9"]
[EventCountry "ALG"]
[SourceTitle "CBM 153 Extra"]
[Source "ChessBase"]
[SourceDate "2013.04.22"]
[SourceVersion "1"]
[SourceVersionDate "2013.04.22"]
[SourceQuality "1"]

1. d4 Nf6 2. c4 e5 3. dxe5 Ng4 4. Nf3 Bc5 5. e3 Nc6 6. a3 a5 7. Be2 Ncxe5 8. Nxe5 Nxe5 9. 0-0 Ra6 10. f4 Rd6 11. Qc2 Nc6 12. Nc3 Rh6 13. Bd2 Nd4 14. Qd1 Nf5 15. Bg4 d6 16. b4 Ba7 17. Qf3 c6 18. Qe4+ Re6 19. Qxf5 Rxe3 20. Qxc8 Re6+ 21. c5 Qxc8 22. Bxe6 fxe6 23. Be3 d5 24. Bd4 0-0 25. Rae1 Bb8 26. g3 Qe8 27. f5 e5 28. Be3 e4 29. Bd4 Be5 30. Bxe5 Qxe5 31. Ne2 Rxf5 0-1

[Event "Algiers Cup 11th"]
[Site "Algiers"]
[Date "2013.01.18"]
[Round "5"]
[White "Benkiar, Djamel"]
[Black "Khair, Adem"]
[Result "0-1"]
[WhiteElo "2063"]
[BlackElo "2075"]
[PlyCount "112"]
[EventDate "2013.01.11"]
[EventType "swiss"]
[EventRounds "14"]
[EventCountry "ALG"]
[SourceTitle "CBM 152 Extra"]
[Source "ChessBase"]
[SourceDate "2013.02.25"]
[SourceVersion "1"]
[SourceVersionDate "2013.02.25"]
[SourceQuality "1"]

1. e4 g6 2. d4 Bg7 3. h4 h5 4. Nf3 d6 5. Bc4 Bg4 6. c3 Bxf3 7. Qxf3 e6 8. Bg5 Bf6 9. Qe3 Nd7 10. Nd2 c6 11. 0-0-0 b5 12. Bb3 Qb6 13. Qg3 d5 14. f4 Ne7 15. Rhe1 0-0-0 16. Bc2 Rhe8 17. e5 Bg7 18. Nf3 Qc7 19. Bxe7 Rxe7 20. Ng5 Rh8 21. Qh3 Nf8 22. Kb1 Kb8 23. Qd3 a6 24. Bb3 Nd7 25. a4 Nb6 26. axb5 cxb5 27. Kc2 Kb7 28. Ra1 Ra8 29. Ra3 Bh6 30. g3 Bxg5 31. fxg5 Qc6 32. Rea1 Rd7 33. Kd2 Nc4+ 34. Bxc4 dxc4 35. Qf1 Qd5 36. Qh1 Qxh1 37. Rxh1 Kb6 38. Raa1 a5 39. Rhf1 Raa7 40. Ke3 Kc6 41. Ke4 Rdb7 42. Rf3 Rd7 43. Rd1 Rd5 44. Rdf1 Rdd7 45. Rf6 b4 46. g4 hxg4 47. h5 gxh5 48. g6 fxg6 49. Rxg6 Rg7 50. Rff6 h4 51. Kf4 g3 52. Kf3 Raf7 53. Kg2 Rxg6 54. Rxf7 h3+ 55. Kg1 g2 56. Rh7 Rg3 0-1

[Event "Algiers Cup 11th"]
[Site "Algiers"]
[Date "2013.01.18"]
[Round "6"]
[White "Khair, Adem"]
[Black "Benkiar, Djamel"]
[Result "1/2-1/2"]
[WhiteElo "2075"]
[BlackElo "2063"]
[PlyCount "134"]
[EventDate "2013.01.11"]
[EventType "swiss"]
[EventRounds "14"]
[EventCountry "ALG"]
[SourceTitle "CBM 152 Extra"]
[Source "ChessBase"]
[SourceDate "2013.02.25"]
[SourceVersion "1"]
[SourceVersionDate "2013.02.25"]
[SourceQuality "1"]

1. d4 Nf6 2. Nf3 c5 3. e3 d5 4. c4 e6 5. Nc3 Nc6 6. Be2 Be7 7. 0-0 0-0 8. Ne5 dxc4 9. Nxc6 bxc6 10. dxc5 Qc7 11. Qa4 Bxc5 12. Qxc4 Be7 13. Bf3 Bb7 14. Rd1 Rfd8 15. Bd2 Nd7 16. Qf4 Bd6 17. Qh4 Ne5 18. Be2 c5 19. Qh3 a6 20. Be1 c4 21. f4 Nd3 22. Bxd3 cxd3 23. Rxd3 Bc5 24. Rad1 Rxd3 25. Rxd3 Qxf4 26. Qg3 Qc4 27. Rd1 Bb6 28. Bf2 Rf8 29. e4 Bc7 30. Qe3 Rc8 31. Qd4 Qc6 32. Qd7 Qxd7 33. Rxd7 Bc6 34. Rd1 Kf8 35. g3 Ke8 36. Bd4 f6 37. Kf2 Rd8 38. Ke3 Kf7 39. Bc5 Rxd1 40. Nxd1 e5 41. Nc3 Ke6 42. b4 f5 43. exf5+ Kxf5 44. a4 Kg4 45. b5 axb5 46. axb5 Bb7 47. b6 Bd8 48. Nb5 Kh3 49. Nd6 Bd5 50. Kf2 Kxh2 51. Nf5 g6 52. Ne3 Bb7 53. Ng4+ Kh3 54. Nxe5 Bd5 55. Nd3 Kg4 56. Nf4 Bb7 57. Ne6 Bf6 58. Bd4 Be7 59. Bc5 Bf6 60. Bd4 Bxd4+ 61. Nxd4 h5 62. Nb5 Kh3 63. Nd6 Ba8 64. b7 Bxb7 65. Nxb7 g5 66. Nd6 h4 67. gxh4 gxh4 1/2-1/2

[Event "Algiers Ameyar Memorial-A 11th"]
[Site "Algiers"]
[Date "2012.11.20"]
[Round "8"]
[White "Kaabi, Mejdi"]
[Black "Benkiar, Djamel"]
[Result "0-1"]
[WhiteElo "2363"]
[BlackElo "2039"]
[PlyCount "46"]
[EventDate "2012.11.16"]
[EventType "swiss"]
[EventRounds "9"]
[EventCountry "ALG"]
[SourceTitle "CBM 151 Extra"]
[Source "ChessBase"]
[SourceDate "2012.12.18"]
[SourceVersion "1"]
[SourceVersionDate "2012.12.18"]
[SourceQuality "1"]

1. d4 d5 2. Nf3 Nc6 3. g3 Nf6 4. Bg2 e6 5. 0-0 Be7 6. c4 0-0 7. Nbd2 Re8 8. b3 Ne4 9. Bb2 f5 10. Rc1 g5 11. e3 g4 12. Ne1 h5 13. Nxe4 fxe4 14. h3 gxh3 15. Bxh3 Kg7 16. Ng2 Rh8 17. Nf4 Bg5 18. Nxh5+ Kg6 19. Nf4+ Bxf4 20. exf4 e5 21. f5+ Bxf5 22. Bxf5+ Kxf5 23. cxd5 Qh4 0-1

[Event "Algiers Ameyar Memorial-A 11th"]
[Site "Algiers"]
[Date "2012.11.16"]
[Round "1"]
[White "Benkiar, Djamel"]
[Black "Lazic, Miroljub"]
[Result "0-1"]
[WhiteElo "2039"]
[BlackElo "2464"]
[PlyCount "86"]
[EventDate "2012.11.16"]
[EventType "swiss"]
[EventRounds "9"]
[EventCountry "ALG"]
[SourceTitle "CBM 151 Extra"]
[Source "ChessBase"]
[SourceDate "2012.12.18"]
[SourceVersion "1"]
[SourceVersionDate "2012.12.18"]
[SourceQuality "1"]

1. e4 d6 2. d4 Nf6 3. Nc3 e5 4. dxe5 dxe5 5. Qxd8+ Kxd8 6. Bg5 c6 7. 0-0-0+ Ke8 8. Bc4 Nfd7 9. a4 Bc5 10. Nf3 f6 11. Be3 Bxe3+ 12. fxe3 Nc5 13. Rd6 Ke7 14. Rhd1 a5 15. Nh4 g6 16. h3 Nbd7 17. g4 Nb6 18. Ba2 Be6 19. Bxe6 Nxe6 20. Nf3 Nc5 21. b3 Raf8 22. Kb2 g5 23. h4 h5 24. gxh5 g4 25. Ng1 Nd5 26. Nxd5+ Kxd6 27. Nf4+ Ke7 28. Ng6+ Ke6 29. Nxf8+ Rxf8 30. Ne2 Nxe4 31. Rg1 f5 32. Nc3 Nf6 33. Ne2 Rh8 34. Ng3 Nxh5 35. Ne2 Nf6 36. Rh1 Ne4 37. Kc1 Nf2 38. Rf1 Nh3 39. Ng3 f4 40. exf4 exf4 41. Re1+ Kf7 42. Nf5 Kf6 43. Nd6 g3 0-1

[Event "Algiers Ameyar Memorial-A 11th"]
[Site "Algiers"]
[Date "2012.11.16"]
[Round "2"]
[White "Lahmar, Chaima"]
[Black "Benkiar, Djamel"]
[Result "0-1"]
[WhiteElo "1534"]
[BlackElo "2039"]
[PlyCount "70"]
[EventDate "2012.11.16"]
[EventType "swiss"]
[EventRounds "9"]
[EventCountry "ALG"]
[SourceTitle "CBM 151 Extra"]
[Source "ChessBase"]
[SourceDate "2012.12.18"]
[SourceVersion "1"]
[SourceVersionDate "2012.12.18"]
[SourceQuality "1"]

1. e4 Nf6 2. Nc3 d5 3. exd5 Nxd5 4. Nxd5 Qxd5 5. Nf3 e5 6. d3 Nc6 7. Be2 Bg4 8. h3 Bf5 9. 0-0 0-0-0 10. Be3 f6 11. c4 Qd7 12. Qb3 g5 13. Rfd1 Nd4 14. Nxd4 exd4 15. Bf3 c6 16. Bd2 h5 17. Be2 Bd6 18. Bf1 Bb8 19. c5 Qc7 20. g3 h4 21. Be1 g4 22. hxg4 hxg3 23. fxg3 Qh7 24. Bg2 Bxg4 25. Rd2 Qh2+ 26. Kf1 Bh3 27. Bxh3+ Qxh3+ 28. Rg2 Qh1+ 29. Rg1 Qf3+ 30. Bf2 Bxg3 31. Rxg3 Rh1+ 32. Rg1 Rxg1+ 33. Kxg1 Rh8 34. Qe6+ Kb8 35. Qd6+ Ka8 0-1

[Event "ALG-ch 24th"]
[Site "Sidi Bel Abbes"]
[Date "2012.03.06"]
[Round "9"]
[White "Benkiar, Djamel"]
[Black "Medjkouh, Said"]
[Result "1/2-1/2"]
[WhiteElo "2083"]
[BlackElo "2104"]
[PlyCount "36"]
[EventDate "2012.03.01"]
[EventType "tourn"]
[EventRounds "9"]
[EventCountry "ALG"]
[SourceTitle "CBM 147 Extra"]
[Source "ChessBase"]
[SourceDate "2012.04.24"]
[SourceVersion "1"]
[SourceVersionDate "2012.04.24"]
[SourceQuality "1"]

1. e4 c5 2. Nf3 g6 3. d4 cxd4 4. Qxd4 Nf6 5. Bb5 a6 6. e5 axb5 7. exf6 Nc6 8. Qh4 Ra4 9. Qg5 Re4+ 10. Be3 d5 11. Nc3 exf6 12. Qxd5 Qxd5 13. Nxd5 Bg7 14. Nc7+ Kf8 15. Nxb5 f5 16. Nd6 Re6 17. 0-0-0 Ke7 18. Rhe1 h6 1/2-1/2

[Event "ALG-ch 24th"]
[Site "Sidi Bel Abbes"]
[Date "2012.03.05"]
[Round "8"]
[White "Nassr, Ali"]
[Black "Benkiar, Djamel"]
[Result "1-0"]
[WhiteElo "1967"]
[BlackElo "2083"]
[PlyCount "63"]
[EventDate "2012.03.01"]
[EventType "tourn"]
[EventRounds "9"]
[EventCountry "ALG"]
[SourceTitle "CBM 147 Extra"]
[Source "ChessBase"]
[SourceDate "2012.04.24"]
[SourceVersion "1"]
[SourceVersionDate "2012.04.24"]
[SourceQuality "1"]

1. d4 d5 2. Nf3 e6 3. Bf4 Bd6 4. e3 Bxf4 5. exf4 Qd6 6. Qd2 Nf6 7. Bd3 Nbd7 8. 0-0 c5 9. c3 c4 10. Bc2 Ne4 11. Bxe4 dxe4 12. Ne5 b5 13. a4 bxa4 14. Nxc4 Qc6 15. Ne5 Nxe5 16. fxe5 0-0 17. Qc2 Ba6 18. Re1 Bd3 19. Qc1 f6 20. Qe3 fxe5 21. dxe5 Rf5 22. Nd2 Raf8 23. f3 exf3 24. Nxf3 Rxf3 25. gxf3 Rxf3 26. Qd4 Rf5 27. Re3 Rg5+ 28. Rg3 Rxg3+ 29. hxg3 Ba6 30. Qxa4 Bb5 31. Qxa7 Qf3 32. Qa8+ 1-0

[Event "ALG-ch 24th"]
[Site "Sidi Bel Abbes"]
[Date "2012.03.03"]
[Round "4"]
[White "Oussedik, Mahfoud"]
[Black "Benkiar, Djamel"]
[Result "1/2-1/2"]
[WhiteElo "2231"]
[BlackElo "2083"]
[PlyCount "176"]
[EventDate "2012.03.01"]
[EventType "tourn"]
[EventRounds "9"]
[EventCountry "ALG"]
[SourceTitle "CBM 147 Extra"]
[Source "ChessBase"]
[SourceDate "2012.04.24"]
[SourceVersion "1"]
[SourceVersionDate "2012.04.24"]
[SourceQuality "1"]

1. c4 c6 2. Nf3 d5 3. e3 e6 4. b3 f5 5. Bb2 Nf6 6. Be2 Bd6 7. Qc2 0-0 8. 0-0 Qe8 9. Ne5 Nbd7 10. f4 Bxe5 11. fxe5 Ng4 12. cxd5 exd5 13. e4 dxe4 14. e6 Ndf6 15. h3 Nh6 16. Ba3 Bxe6 17. Bxf8 Qxf8 18. Bc4 Nd5 19. Nc3 Qd6 20. Rae1 b5 21. Bxd5 cxd5 22. d4 Rc8 23. Qd2 f4 24. Rxf4 Rxc3 25. Rfxe4 dxe4 26. Qxc3 Qd5 27. Qe3 Nf5 28. Qxe4 Nxd4 29. Qxd5 Bxd5 30. Kf2 Bc6 31. Rc1 Kf7 32. Ke3 Nf5+ 33. Kf4 Ne7 34. g3 Ke6 35. Re1+ Kf6 36. g4 Nd5+ 37. Kg3 a5 38. Rc1 Ne7 39. h4 a4 40. Kf4 axb3 41. axb3 Ke6 42. h5 Kd6 43. g5 Bd5 44. b4 Nc6 45. Rb1 Bf7 46. h6 gxh6 47. gxh6 Bg6 48. Rd1+ Ke6 49. Rg1 Kf6 50. Rg5 Bd3 51. Rd5 Nxb4 52. Rd6+ Ke7 53. Ke5 Bc4 54. Rb6 Kf7 55. Rf6+ Ke7 56. Rb6 Kf7 57. Kf5 Nd5 58. Rb7+ Ne7+ 59. Ke5 Kg6 60. Rxe7 Kxh6 61. Kf6 Kh5 62. Rxh7+ Kg4 63. Ke5 Kf3 64. Kd4 Ke2 65. Rh2+ Kf3 66. Rh3+ Ke2 67. Kc3 Kf2 68. Kd2 Kg2 69. Rh6 Kf3 70. Rh4 Kg3 71. Re4 Kf3 72. Rd4 Bf1 73. Rd8 Ke4 74. Re8+ Kd4 75. Rf8 Bc4 76. Rf4+ Kd5 77. Kc3 Ke5 78. Rd4 Bf1 79. Rd8 Bc4 80. Kb4 Ke4 81. Rd7 Ke5 82. Kc5 Ke4 83. Re7+ Kd3 84. Re8 Kc3 85. Rd8 Be2 86. Re8 Bd3 87. Rb8 Be2 88. Rb7 Bd3 1/2-1/2

[Event "ALG-ch 24th"]
[Site "Sidi Bel Abbes"]
[Date "2012.03.02"]
[Round "3"]
[White "Benkiar, Djamel"]
[Black "Haddouche, Mohamed Amine"]
[Result "0-1"]
[WhiteElo "2083"]
[BlackElo "2410"]
[PlyCount "90"]
[EventDate "2012.03.01"]
[EventType "tourn"]
[EventRounds "9"]
[EventCountry "ALG"]
[SourceTitle "CBM 147 Extra"]
[Source "ChessBase"]
[SourceDate "2012.04.24"]
[SourceVersion "1"]
[SourceVersionDate "2012.04.24"]
[SourceQuality "1"]

1. e4 d6 2. d4 Nf6 3. Nc3 g6 4. f4 Bg7 5. Nf3 0-0 6. e5 Ne8 7. Bd3 c5 8. d5 Nc7 9. Be2 Nd7 10. exd6 exd6 11. f5 Ne5 12. fxg6 fxg6 13. 0-0 Qe7 14. Nxe5 Rxf1+ 15. Qxf1 Bxe5 16. Bf4 Bf5 17. Bxe5 Qxe5 18. Bd3 Rf8 19. Qe1 Qd4+ 20. Kh1 Re8 21. Qg3 Qe5 22. Qxe5 Rxe5 23. Bxf5 gxf5 24. a4 a6 25. a5 Nxd5 26. Rd1 Ne7 27. Kg1 d5 28. Na4 d4 29. c3 Nc6 30. Nb6 Re2 31. Nc4 Rc2 32. Nd6 Rxb2 33. cxd4 cxd4 34. Nxf5 Rb5 35. Nd6 Rxa5 36. Nxb7 Rd5 37. Kf2 Kf7 38. Ke2 Rg5 39. g3 Re5+ 40. Kd3 Re3+ 41. Kc4 Ke6 42. Nc5+ Kd6 43. Nxa6 Ra3 44. Nb4 Rc3+ 45. Kb5 Rb3 0-1

[Event "Bejaia op 1st"]
[Site "Bejaia"]
[Date "2012.??.??"]
[Round "4"]
[White "Benkiar, Djamel"]
[Black "Ibrahim, Hatim"]
[Result "0-1"]
[WhiteElo "2077"]
[BlackElo "2390"]
[PlyCount "82"]
[EventDate "2012.12.26"]
[EventType "swiss"]
[EventRounds "9"]
[EventCountry "ALG"]
[SourceTitle "CBM 152 Extra"]
[Source "ChessBase"]
[SourceDate "2013.02.25"]
[SourceVersion "1"]
[SourceVersionDate "2013.02.25"]
[SourceQuality "1"]

1. d4 d6 2. e4 g6 3. Nf3 Bg7 4. Be2 Nf6 5. Nc3 0-0 6. 0-0 Nc6 7. h3 e5 8. dxe5 Nxe5 9. Nxe5 dxe5 10. Qxd8 Rxd8 11. Bg5 c6 12. f4 h6 13. fxe5 hxg5 14. exf6 Bf8 15. Bd3 Bc5+ 16. Kh2 Bd4 17. Rad1 Be6 18. g4 Rd6 19. Kg2 Rad8 20. Rde1 Be5 21. Ne2 b5 22. b3 a6 23. Ng1 R6d7 24. a4 bxa4 25. bxa4 a5 26. Nf3 Bxf6 27. e5 Be7 28. Nd2 Rd4 29. Ne4 Rxa4 30. Ra1 Rdd4 31. Nc3 Rxa1 32. Rxa1 Bb4 33. Ne4 Kg7 34. Nxg5 Bd5+ 35. Kf2 a4 36. Rxa4 Be1+ 37. Kxe1 Rxa4 38. Ke2 f6 39. exf6+ Kxf6 40. Nh7+ Ke7 41. Ng5 Kf6 0-1